000 00383nam a2200157Ia 4500
008 221030s9999 xx 000 0 und d
020 _a8170299705
041 _aEnglish
082 _a105.23
_bLo
100 _aM. Lotia
245 0 _aModern Japanese Transistor Data & substitution
_cby M. Lotia
260 _bBPB Pub
_aNew Delhi
_c2002
300 _a442
650 _aECE
942 _cBK
999 _c707
_d707